000 00422nam a2200181Ia 4500
001 8418
005 20260306160608.0
008 260306t1987||||xx |||||||||||||| ||spa||
041 _aESP
082 _a370.94
_bN33
100 _aNeave, Guy
_eAUT
245 0 _aLa comunidad Europea y la educación
260 _c1987
300 _a318 páginas :
_c22 cm.
650 _aGEN
654 _aCED
942 _cLIB
_dJUS
_fJUS
_2ddc
_n
999 _c8418
_d8418